000 01435nam0a22003131 4500
001 rc\3152858
005 20120615103820.1
021 _aRU
_b76-84253
021 _aRU
_bРг34-77
035 _a(NLR Aleph) 007297510
090 _a5675278
_c5675278
100 _a20120615d1976 |||y0rusy50 ca
101 0 _arus
102 _aRU
105 _ay z |||||
200 1 _aКраткая профессиограмма учителя начальных классов средней общеобразовательной школы
_e(Метод. рекомендации)
_fЛенингр. гос. пед. ин-т им. А.И .Герцена. Кафедра педагогики и методики нач. обучения
210 _aЛенинград
_cБ. и.
_d1976
215 _a[1], 58 с.
_d20
300 _aНа обороте тит. л. сост.: проф. И.П. Иванов, доц. Г.В. Бельтюкова, доц. И.Н. Турро [и др.]
333 _aНа правах рукописи
702 1 _aБельтюкова
_bГ. В.
_4220
702 1 _aИванов
_bИ. П.
_gИгорь Петрович
_4220
702 1 _aТурро
_bИ. Н.
_4220
712 0 2 _aЛенинградский педагогический институт им. А. И. Герцена
_3RU\NLR\AUTH\889929135
801 0 _aRU
_bNLR
_gpsbo
801 1 _aRU
_bELAR
_2rusmarc
852 _aNLR
_j77-4/35
942 _cBOOK
980 _aNB